Sozialistische Finanzwirtschaft Zeitschrift für das Finanz- und Kreditwesen der DDR
Na minha lista:
| Formato: | Periódico |
|---|---|
| Idioma: | alemão |
| Publicado em: |
Berlin
Wirtschaft
|
| Tags: |
Sem tags, seja o primeiro a adicionar uma tag!
|
MARC
| LEADER | 00000nas1a22000001 4500 | ||
|---|---|---|---|
| 001 | s120787 | ||
| 005 | 20221221102358.3 | ||
| 041 | 0 | |a ger | |
| 044 | |a DE | ||
| 245 | 1 | 0 | |a Sozialistische Finanzwirtschaft |b Zeitschrift für das Finanz- und Kreditwesen der DDR |
| 264 | 1 | |a Berlin |b Wirtschaft | |
| 500 | |a Od 1.1.1990 vychádza pod názvom Finanzwirtschaft | ||